000 01015nam a2200229Ia 4500
999 _c39353
_d39353
001 5940
003 GE_BSU
005 20190823101224.0
008 181216s1969||||ge |||||||||||||| ||geo||
040 _cGE_BSU
041 _ageo
080 _a821.353.1-1 ა-13
100 _aაბაშიძე, ირაკლი
_93740
245 _aრჩეული :
_bლექსები /
_cირაკლი აბაშიძე ; რედ. დ. ივარდავა ; წინასიტყ. ავტ. გიორგი ნატროშვილი.
264 _aთბილისი :
_bსაბჭოთა საქართველო ;
_c1969.
300 _a299 გვ.;
_c20 სმ.
653 _aრჩეული
653 _aლექსები
700 _aივარდავა, დ.
_eრედაქტორი
_93755
700 _aნატროშვილი, გიორგი
_eწინასიტყვაობის ავტორი
_93756
942 _cBK
_2udc